000 00367nam a2200121Ia 4500
008 220615s9999||||xx |||||||||||||| ||und||
245 0 _aSustainable Energy
_bRecent Studies
546 _aEnglish[eng]
650 _aSustainability
700 _aGebremedhin, Alemayehu
856 _uhttps://mts.intechopen.com/storage/books/3131/authors_book/authors_book.pdf
942 _cEB
999 _c9592
_d9592